Paradoxes

Saved in:
Bibliographic Details
Main Author: LEIBER, Justin
Format: Book
Language:English
Published: Duckworth, 1993
Tags: Add Tag
No Tags, Be the first to tag this record!

MARC

LEADER 00000nam a22000007a 4500
008 201218b ||||| |||| 00| 0 eng d
020 |a : 0-7156-2426-1 
100 |a LEIBER, Justin 
245 |a Paradoxes  |c /Justin Leiber 
250 |c Roy Harris 
260 |b Duckworth,  |c 1993  |d Books  |h London  |i 669112  |l BC199 .P2L53  |m Paradox 
942 |a lcc  |c BK  |e Adekanye I. H. 
952 |0 0  |1 0  |2 lcc  |4 0  |6 BC0199 P2 L53  |7 0  |9 909  |a HOL  |b HOL  |c AF  |d 2020-12-18  |l 0  |o BC199 .P2L53  |p 2020-230123  |r 2020-12-18 00:00:00  |w 2020-12-18  |y BK 
999 |c 491  |d 491